000 00949nam a22002057a 4500
999 _c36255
_d36255
003 OSt
005 20251217215657.0
008 140214b2025 slv spa
040 _cBMC
082 _a421
100 1 _949873
_aDimas Salinas, Carmen Abigail
245 1 0 _aPasantía en UNICAES, Proyecto Martin Luther King, inglés para un futuro mejor
_b: informe final
_cCarmen Abigail Dimas Salinas
260 _aSanta Ana (El Salvador)
_bUniversidad Católica de El Salvador
_c2025
300 _a1 folleto (27 h.)
_bil. col
_c27 cm
_e+ 1 disco compacto
500 _aPrecede al tít.: Universidad Católica de El Salvador, Facultad de Ciencias y Humanidades
502 _aPara optar al grado académico de Licenciatura en Ciencias de la Educación con especialidad en Idioma Inglés
650 2 4 _917984
_aLengua inglesa
_xFonología
710 2 _91075
_aUniversidad Católica de El Salvador
_bFacultad de Ciencias y Humanidades
942 _2ddc
_cTG